Metodologický obsah filozofických kategórií

Bibliographic Details
Main Author: Štefanko, Milan (Author)
Format: Article
Language:Slovak

MARC

LEADER 00000nab a2200000uu 4500
001 vtls010883187
003 SK-MaSNL
005 20260303145108.0
008 230222|2006 xo |||||||||||||||||slo|
015 |a SNBRB 
035 |a (urnnbn)urn:nbn:sk:snk:ar-0023wy 
035 |a (uuid)0f1b1783-bcdc-4778-8ccb-f1a235315ef5 
035 |a urn:nbn:sk:snk-ab8ery 
040 |a SNKBUCL  |b slo  |c SNKBUCL  |e AACR2 
041 0 |a slo 
044 |a xo  |c SK 
100 1 |a Štefanko, Milan  |4 aut  |9 1167472 
245 1 0 |a Metodologický obsah filozofických kategórií  |c Milan Štefanko 
773 0 |t Acta Nitriensiae : zborník Filozofickej fakulty Univerzity Konštantína Filozofa v Nitre  |g Č. 8 (2006), s. 156-163 
954 |a odborná, vedecká literatúra pôvodná (slovenská)  |2 lita 
958 |a OND 
958 |a EUIPO 
958 |a article10 
999 |c 2000457  |d 2002387